000 00638cam a22002293a 4500
001 43413
003 PGUSA
005 20140828084004.0
008 130807s2013||||xxu|||||s|||||000 | eng d
040 _aPGUSA
_beng
042 _adc
100 1 _aJahn, Otto,
_d1813-1869
245 1 0 _aLife Of Mozart, Vol. 3 (of 3)
_h[electronic resource] /
_cOtto Jahn
260 _bProject Gutenberg,
_c2013
506 _aPublic domain in the USA.
516 _aElectronic text
700 1 _aGrove, George
700 1 _aTownsend, Pauline D.
830 0 _aProject Gutenberg
_v43413
856 4 0 _uhttp://www.gutenberg.org/ebooks/43413
942 _cEB
999 _c272664
_d272664